| 000 | 01312cam a22003617a 4500 | ||
|---|---|---|---|
| 003 | CHAP | ||
| 005 | 20220329142557.0 | ||
| 008 | 010920d2001 mx r 00110 spa d | ||
| 010 | _a85179 | ||
| 011 | _a86151 | ||
| 035 | _a96689 | ||
| 040 | _cCHAP | ||
| 090 | _aTesis | ||
| 100 | 0 | 0 |
_aJara Aguilar, David _961099 |
| 245 | 1 | 0 |
_aReinicio de la actividad ovárica posparto en función del nivel de producción de leche, número y época de parto en vacas Holstein _c/por David Jara Aguilar |
| 260 |
_aChapingo, Méx. : _bEl autor, _c2001. |
||
| 300 |
_a100 h. ; _bgráfs. |
||
| 502 | _aTesis (M.C. en Producción Animal) -- UACH. Departamento de Zootecnia | ||
| 590 |
_aALEPH _b10 _c20130110 _lUCH01 _h1445 |
||
| 590 |
_aBATCH-UPD _b10 _c20130110 _lUCH01 _h1606 |
||
| 590 |
_aBATCH-UPD _b10 _c20130410 _lUCH01 _h1002 |
||
| 590 |
_aBATCH-UPD _b10 _c20130914 _lUCH01 _h1512 |
||
| 590 |
_aCONVERSION _b10 _c20130109 _lUCH01 _h1347 |
||
| 650 | 1 | 4 |
_aGanado Holstein. _945133 |
| 650 | 1 | 4 |
_aGanado vacuno _xFecundidad. _945466 |
| 650 | 1 | 4 |
_aGanado vacuno _xProducción. _945506 |
| 650 | 1 | 4 |
_aLeche _xProducción. _965400 |
| 901 | _aBK | ||
| 905 | _aAlejandra Carrasco M. | ||
| 942 | _cFOLL | ||
| 949 |
_aTesis _bBC _cTES _d33724000859864 _eTS2 _fc.2 _h38943 _i96689 _si |
||
| 949 |
_aTesis _bBC _cTES _d966891 _eTS1 _h38942 _i96689 _sb |
||
| 999 |
_c85179 _d85179 |
||